Une réplique = un film commençant par C - Statistiques

Statistiques générales
  • Ce quiz a été pris 85 fois
  • Le résultat moyen est 6 sur 20
Statistiques - réponses
Réplique(s) Film % Correct
Cinq tickets d'or ont été cachés dans le papier d'emballage de cinq tablettes ordinaires de chocolat Willy Wonka. Charlie et la Chocolaterie
86%
Tu peux remballer tes tongues maman, on rentre sur Melun, les vacances sont finies. [Jacky Pic] Camping
60%
Mon père était boxeur, il est mort avant ma naissance. [Adonis Johnson] Creed
51%
Une servante en haillons, voila ce que tu es et ce que tu resteras. Cendrillon
49%
Libertééé !!!! (coup de fouet) Egalitééé !!!! (coup de fouet) Niique ta mèreee !!! Case départ
34%
J'ai le souffle coupé. Je suis Eve dans le jardin d'Éden, il est le serpent et je ne peux résister. [Anastasia Steele] Cinquante nuances de Grey
34%
Je suis le Nil. J'aurai beaucoup de fils. Isis me l'a dit Cleopatre
34%
J’adore les sushis ! Chouchou
33%
Rends lui sa liberté, sa place est dans la forêt. [Alex Larson à Jack Conroy] Croc Blanc
29%
40 150 000 dollars... tapis ! Casino Royale
27%
Étant donné leur taille, le jardin pour eux c'est la jungle. [Wayne Szalinski] Chérie, j'ai rétréci les gosses
27%
Si tu viens en bas avec moi, tu flotteras aussi ! ça
23%
Au Kent, nous prenons des mouilleurs de lit et nous les transformons en hommes. Alors grandit, Barclay, il est temps d'oublier ces fantasmes de poupées tueuses. [Colonel Cochrane] Chucky (3)
21%
Une larme de gin, une larme. Une rivière de tonic… Et ensuite la p’tite victime, composée d’une petite olive, d’un p’tit morceau d’sucre et d’un p’tit bout d’ficelle. Et nous avons : Le P’tit Grégory. [Ben] C'est arrivé près de chez vous
19%
26 pièces de haut, 26 pièces de (chaque) côté, ça donne 17 576 pièces. Cube
14%
Je voudrais peindre comme tu écris. [destinée à Émile Zola] Cézanne et moi
12%
Vous avez libéré tous les monstres que j'ai crée. [R.L Stine] Chair de Poule
11%
- Aidez-moi! Je ne veux pas mourir ! [Sarah] - Tu ne vas pas mourir ! [Gabe Walker] " Cliffhanger (Traque au sommet)
8%
Je vais faire un voyage de vingt-six années lumières pour me suicider ? (Eleanor Arroway) Contact
5%
Toutes les réalités sont en train de s'effondrer. [Kate Fillmore] / Les nombres, où sont ces fichus nombres ? Cube 2, Hypercube
4%
Aucun quiz correspondant
Distribution des résultats
% des personnes avec chaque résultat
Percentile par nombre de réponses
Votre historique - résultats
Vous n’avez pas pris ce quiz